000 00187nmm a2200085Ia 4500
008 220120s9999||||xx |||||||||||||||||und||
100 _aDigit
245 0 _aCentos 7
260 _aNine dot Nine
999 _c139915
_d139915